Reingeniería de procesos y transformación organizativa

Sparad:
Bibliografiska uppgifter
Huvudupphovsmän: Rodenes Adam, Manuel (Författare, medförfattare), Arango Serna, Martín Darío (Författare, medförfattare), Puig Camps, José Antonio (Författare, medförfattare), Torralba Martínez, José María (Författare, medförfattare)
Materialtyp: Bok
Språk:spanska
Publicerad: Cuernavaca Alfaomega Grupo Editor 2004
Upplaga:1a. ed
Ämnen:
Taggar: Lägg till en tagg
Inga taggar, Lägg till första taggen!

MARC

LEADER 00000nam a2200000 a 4500
001 UCH1451
003 CL-VaPUC
008 090427e20040900MX |||||||||||||||||spa|d
020 |a 9701508815 
082 0 4 |a 658.406  |b ROD  |2 21 
100 0 |a Rodenes Adam, Manuel  |e author  |9 535943 
700 0 |a Arango Serna, Martín Darío  |e author  |9 535944 
700 0 |a Puig Camps, José Antonio  |e author  |9 535945 
700 0 |a Torralba Martínez, José María  |e author  |9 535946 
245 1 0 |a Reingeniería de procesos y transformación organizativa 
250 |a 1a. ed 
300 |a 191 p 
942 |c BK 
945 |d 20090427 00:00:00  |a dcastane 
260 |a Cuernavaca  |b Alfaomega Grupo Editor  |c 2004 
650 0 |a Cambio organizacional   |9 260741 
650 7 |a ORGANIZACION DE CORPORACIONES  |2 CL-VaPUC  |9 535947 
583 |a last modification  |c 20090427 00:00:00  |k Rodrigo Vera 
999 |c 333489  |d 333487 
952 |0 0  |1 0  |4 0  |6 658_406000000000000_ROD_2004  |7 0  |8 A  |9 421926  |a BIBMEC  |b BIBMEC  |d 2019-11-22  |i 4544617  |o 658.406 ROD 2004  |p 4544617  |r 2024-01-19  |w 2019-11-22  |y BK  |k MEC